On the notion "Null Anaphor" in Chamorro

Bibliographic Details
Published in:The Null parameter, ed. by O. Jaeggli, K.J. Safir, Dordrecht, 1989, P.143-184 (Studies in natural language and linguistic theory)
Main Author: Chung, S.
Content type: Article
Published: 1989
Source:MPIPL_cat
_version_ 1863687001672253441
author Chung, S.
author_facet Chung, S.
author_search Chung, S.
author_sort Chung, S.
author_variant s c sc
collection_details MPIPL
container_reference P.143-184
container_start_page 143
container_title The Null parameter
dedup_id_str MPIPL_cat.PL0039181
dewey-hierarchy 0/[Unassigned]/
dewey-hierarchy_str 0/[Unassigned]/
first_indexed 2024-07-08T10:27:17Z
format 0/Artikel/
format_str 0/Artikel/
fullrecord <?xml version="1.0" encoding="UTF-8"?> <collection xmlns:xsi="http://www.w3.org/2001/XMLSchema-instance" xsi:schemaLocation="http://www.loc.gov/MARC21/slim http://www.loc.gov/standards/marcxml/schema/MARC21slim.xsd" xmlns="http://www.loc.gov/MARC21/slim"> <record> <leader>00000naa a2200000 u 4500</leader> <controlfield tag="001">PL0039181</controlfield> <controlfield tag="003">PLI01000000000000000039073</controlfield> <controlfield tag="005">00000000000000.0</controlfield> <controlfield tag="008"> ||| u </controlfield> <datafield tag="100" ind1="1" ind2=" "> <subfield code="a">Chung, S.</subfield> </datafield> <datafield tag="245" ind1="0" ind2="0"> <subfield code="a">On the notion &quot;Null Anaphor&quot; in Chamorro</subfield> <subfield code="c">S. Chung</subfield> </datafield> <datafield tag="260" ind1=" " ind2=" "> <subfield code="c">1989</subfield> </datafield> <datafield tag="952" ind1=" " ind2=" "> <subfield code="j">1989</subfield> <subfield code="h">P.143-184</subfield> </datafield> <datafield tag="996" ind1=" " ind2=" "> <subfield code="a">Aufsatz</subfield> </datafield> <datafield tag="997" ind1=" " ind2=" "> <subfield code="a">book chapter</subfield> </datafield> <datafield tag="773" ind1="0" ind2="8"> <subfield code="t">The Null parameter</subfield> <subfield code="a">ed. by O. Jaeggli, K.J. Safir</subfield> <subfield code="d">Dordrecht, 1989</subfield> <subfield code="g">P.143-184</subfield> <subfield code="k">Studies in natural language and linguistic theory</subfield> <subfield code="w">MPIPL_cat.PL0039176</subfield> <subfield code="z">1-55608-087-5</subfield> <subfield code="i">In:</subfield> </datafield> </record> </collection>
hierarchy_parent_id MPIPL_cat.PL0039176
hierarchy_parent_title The Null parameter
id MPIPL_cat.PL0039181
illustrated Not Illustrated
institution MPIPL_cat
institution_str MPIPL_cat
isbn 9781556080876
1-55608-087-5
language und
language_str und
last_indexed 2026-04-27T23:41:27Z
local_fields Aufsatz
online false
online_MPIPL_cat false
online_str false
publishDate 1989
publishDate_str 1989
record_format marc
spelling Chung, S.
On the notion "Null Anaphor" in Chamorro
S. Chung
1989
The Null parameter
ed. by O. Jaeggli, K.J. Safir
Dordrecht, 1989
P.143-184
Studies in natural language and linguistic theory
1-55608-087-5
In
spellingShingle Chung, S.
On the notion "Null Anaphor" in Chamorro
title On the notion "Null Anaphor" in Chamorro
title_full On the notion "Null Anaphor" in Chamorro S. Chung
title_fullStr On the notion "Null Anaphor" in Chamorro S. Chung
title_full_unstemmed On the notion "Null Anaphor" in Chamorro S. Chung
title_search On the notion "Null Anaphor" in Chamorro
title_short On the notion "Null Anaphor" in Chamorro
title_sort on the notion null anaphor in chamorro s chung